Online Catalogue and eLibrary

The repatriates from Sri Lanka : (Record no. 582)

MARC details
000 -LEADER
fixed length control field 00492cam a2200169 i 4500
001 - CONTROL NUMBER
control field 1317878
005 - DATE AND TIME OF LATEST TRANSACTION
control field 20240319011156.0
008 - FIXED-LENGTH DATA ELEMENTS--GENERAL INFORMATION
fixed length control field 790518s1976 ce 000 0 eng
040 ## - CATALOGING SOURCE (பட்டியலாக்க மூலம்)
Original cataloging agency DLC
Transcribing agency DLC
Modifying agency DLC
082 00 - DDC Classification
Class No. 323.632.
DDC Edition Number 22
Item Number - Author Mark THE.
245 14 - TITLE STATEMENT
Title The repatriates from Sri Lanka :
Remainder of title a report /
Statement of responsibility, etc. prepared by the Coordinating Secretariat for Plantation Areas.
260 ## - PUBLICATION, DISTRIBUTION, ETC.
Place of publication, distribution, etc. Kandy :
Name of publisher, distributor, etc. The Secretariat,
Date of publication, distribution, etc. 1976.
300 ## - PHYSICAL DESCRIPTION
Extent (e.g. Volumes, Pages etc.) 38 p. ;
650 #0 - SUBJECT ADDED ENTRY--TOPICAL TERM
Topical term or geographic name entry element Repatriation
650 #0 - SUBJECT ADDED ENTRY--TOPICAL TERM
Topical term or geographic name entry element East Indians
942 ## - Koha item type (Biblio)
Koha item type Books in Stacks (Lending)
Holdings
Lost status Damaged status Collection code Home library Current library Date acquired Full call number Accession Number Item type
    Lending WERC Library WERC Library 03/19/2024 323.632. THE. 194 Books in Stacks (Lending)

© WERC Library